000
00252nam a2200097Ia 4500
001
1164041
005
20250827011714.0
008
250824s9999 xx 000 0 und d
245
0
_a
COLUMBUS'UN KADINLARI
_c
MÜGE İPLİKÇİ
260
_b
EVEREST YAYINLARI
999
_c
1164041
_d
1164041